| 000 | 00463nab a2200145Ia 4500 | ||
|---|---|---|---|
| 003 | ES-SlBCS | ||
| 005 | 20210601125230.0 | ||
| 008 | 140529s1972 xxu||||| |||| 00| 0 eng d | ||
| 041 | _aeng | ||
| 100 | 1 |
_aHansen, James _9155727 |
|
| 245 | 0 | 4 |
_aThe Dialectic of the Immanent and the Transcendent _c James Hansen |
| 650 | 0 | 4 |
_aInmanencia-Dialéctica _9155728 |
| 773 | 0 |
_tPhilosophy and Phenomenological Research _gvol. 32, 1972, págs. 543-547 _wRev1411 |
|
| 942 | _cAR | ||
| 999 |
_c526924 _d526924 |
||